000
00499nam a2200181Ia 4500
008
090123s9999 xx 000 0 und d
082
_b
2921
100
_a
कानिटकर ग.बा.
245
_a
मेघदूत
250
_a
1
260
_b
कर्नाटक मुद्रण
300
_a
80
600
_a
कानिटकर ग.बा.
630
_a
मेघदूत
700
_a
कानिटकर ग.बा.
730
_a
मेघदूत
942
_c
BOOK
999
_c
41004
_d
41004